logo

Bir Sreshtho Munshi Abdur Rouf Library
Jhenaidah Cadet College

The new Penguin atlas of recent history : (Record no. 9434)

MARC details
000 -LEADER
fixed length control field 01346cam a2200349 a 4500
003 - CONTROL NUMBER IDENTIFIER
JCCL marc code BD-JhCC
005 - DATE AND TIME OF LATEST TRANSACTION
control field 20180314123056.0
008 - FIXED-LENGTH DATA ELEMENTS--GENERAL INFORMATION
fixed length control field 030210s2002 enkb 001 0 eng
020 ## - INTERNATIONAL STANDARD BOOK NUMBER
International Standard Book Number 0140515046
035 ## - SYSTEM CONTROL NUMBER
system control number (OCoLC)49906971
-- BD-JhCC
040 ## - CATALOGING SOURCE
Original cataloging agency UKM
Transcribing agency UKM
Modifying agency OCLCQ
-- EYE
-- DAY
-- MYG
-- OrLoB-B
-- BD-JhCC
041 ## - LANGUAGE CODE
Language code of Book eng
050 #4 - LIBRARY OF CONGRESS CALL NUMBER
Classification number G1797.21.S1.M3 2002
082 04 - DEWEY DECIMAL CLASSIFICATION NUMBER
Classification number 911.4
DDC Edition number 21
Author mark and Year MCE 2002
100 1# - MAIN ENTRY--PERSONAL NAME
Personal name McEvedy, Colin.
245 14 - TITLE STATEMENT
Title The new Penguin atlas of recent history :
Remainder of title Europe since 1815 /
Statement of responsibility, etc Colin McEvedy ; maps devised by the author and drawn by David Woodroffe.
250 ## - EDITION STATEMENT
Edition statement 2nd ed.
260 ## - PUBLICATION, DISTRIBUTION, ETC. (IMPRINT)
Place of publication, distribution, etc London ;
-- New York :
Name of publisher, distributor, etc Penguin,
Date of publication, distribution, etc 2002.
300 ## - PHYSICAL DESCRIPTION
Pagination 112 p. :
Other physical details col. maps ;
Dimensions 18 x 22 cm.
500 ## - GENERAL NOTE
General note Previous ed. published as: The Penguin atlas of recent history. 1982.
500 ## - GENERAL NOTE
General note Includes index.
505 00 - FORMATTED CONTENTS NOTE
Title Europe in 1848 --
-- Franco-Prussian War --
-- First World War --
-- Second World War --
-- Europe in 2000.
651 #0 - SUBJECT ADDED ENTRY--GEOGRAPHIC NAME
Geographic name Europe
General subdivision History
Chronological subdivision 1789-1900
Form subdivision Maps.
651 #0 - SUBJECT ADDED ENTRY--GEOGRAPHIC NAME
Geographic name Europe
General subdivision History
Chronological subdivision 1789-1900.
651 #0 - SUBJECT ADDED ENTRY--GEOGRAPHIC NAME
Geographic name Europe
General subdivision History
Chronological subdivision 20th century
Form subdivision Maps.
651 #0 - SUBJECT ADDED ENTRY--GEOGRAPHIC NAME
Geographic name Europe
General subdivision History
Chronological subdivision 20th century.
700 1# - ADDED ENTRY--PERSONAL NAME
Personal name McEvedy, Colin.
Title of a work Penguin atlas of recent history.
700 1# - ADDED ENTRY--PERSONAL NAME
Personal name Woodroffe, David.
942 ## - ADDED ENTRY ELEMENTS (KOHA)
Source of classification or shelving scheme Dewey Decimal Classification
Koha item type Books
949 #0 - LOCAL PROCESSING INFORMATION (OCLC)
4 IP
a h
b HUM
c STACK
o 0
p 39080026386125
x 01
h G1797.21.S1.M3 2002
Holdings
Source of classification or shelving scheme Damaged status Not for loan Home library Current library Shelving location Date of accession Total Checkouts Full call number Barcode Date last seen Date checked out Copy number Koha item type
Dewey Decimal Classification     JCC Rouf Library JCC Rouf Library General Stacks 11/04/2024 1 911.4 MCE 2002 12403 09/04/2025 11/04/2024 C - 1 Books

JCC Library | Contacts | JCC Home

Last Update on 23 September 2017
Copyright @ 2017-2020 JCC Rouf Library
Rouf Library, Jhenidah Cadet College (JCC), Bangladesh